| 000 | 00546nam a22001937a 4500 | ||
|---|---|---|---|
| 999 |
_c3979 _d3979 |
||
| 003 | GBCCL | ||
| 005 | 20241126110508.0 | ||
| 008 | 171219b xxu||||| |||| 00| 0 eng d | ||
| 020 | _a0830721940 | ||
| 040 | _cgbc | ||
| 082 |
_a242.2 _bSTO |
||
| 100 |
_aStockstill, Larry _97740 |
||
| 245 |
_aThe One Year Devotional: _bWalking Daily Through the Bible / _cLarry Stockstill |
||
| 260 |
_bRegal Books, _aCalifornia: _c1998 |
||
| 300 | _a371 p.; | ||
| 650 |
_aBibble _vDevotional use _98909 |
||
| 650 |
_aDevotional calenders _97530 |
||
| 942 |
_2ddc _cBK |
||